Préf. de Jean-Marie LEHN (Record no. 13464)
[ view plain ]
| 000 -LEADER | |
|---|---|
| fixed length control field | 00745 a2200265 4500 |
| 035 ## - SYSTEM CONTROL NUMBER | |
| System control number | 13440 |
| 020 ## - NUMERO INTERNATIONAL NORMALISE DES LIVRES | |
| International Standard Book Number | 2-8041-2620-4 |
| 130 ## - VEDETTE PRINCIPALE - TITRE UNIFORME | |
| Language of a work | Fr. |
| 260 ## - PUBLICATION, DISTRIBUTION, ETC. (IMPRINT) | |
| Place of publication, distribution, etc | Paris ; Bruxelles |
| 260 ## - PUBLICATION, DISTRIBUTION, ETC. (IMPRINT) | |
| Name of publisher, distributor, etc | De Boeck |
| 245 ## - TITLE STATEMENT | |
| Title | Préf. de Jean-Marie LEHN |
| 260 ## - PUBLICATION, DISTRIBUTION, ETC. (IMPRINT) | |
| Date of publication, distribution, etc | 1991 |
| 300 ## - PHYSICAL DESCRIPTION | |
| Extent | XIX, 1432 p. |
| 300 ## - PHYSICAL DESCRIPTION | |
| Other physical details | ill.,fig. ; 25 cm |
| 440 ## - SERIES STATEMENT/ADDED ENTRY--TITLE | |
| Title | Chimie organique : Méthodes et modèles |
| 500 ## - GENERAL NOTE | |
| General note | Comprend un index. - Bibliographie à la fin des chapitres |
| 650 ## - SUBJECT ADDED ENTRY--TOPICAL TERM | |
| Topical term or geographic name as entry element | Chimie organique-Guides, manuel, etc. |
| 700 ## - ADDED ENTRY--PERSONAL NAME | |
| Personal name | VOGEL, Pierre |
| Withdrawn status | Lost status | Damaged status | Not for loan | Location (home branch) | Sublocation or collection (holding branch) | Date acquired | Koha issues (times borrowed) | Koha full call number | Koha date last seen | Price effective from | Koha item type |
|---|---|---|---|---|---|---|---|---|---|---|---|
| Bibliothèque Ecole Polytechnique d'Abomey-Calavi | Bibliothèque Ecole Polytechnique d'Abomey-Calavi | 27/02/2009 | 547.0202/V878c | 27/02/2009 | 27/02/2009 | Livre |